000 01094nam a22003377a 4500
001 0027535
003 KOHA_MİRAKIL
005 20260207002601.0
007 ta
008 110215b2010 tu |||gr||||#0|||0|tur |
020 _a9789756881118
040 _aTR-BiSEU
_btur
_cTR-BiSEU
_erda
041 0 _atur
044 _ctu
050 _aDR481
_b.K37 2010
100 1 _aKarasu, Cezmi.
245 1 _aOsmangazi ilkler ve Karacahisar/
_cCezmi Karasu ; Cezmi Karasu, Tuğçe M. Sakarya, Oktay Berber.
264 1 _aOdunpazarı Belediyesi Kültür Yayınları :
_bOdunpazarı Belediyesi Kültür Yayınları
_c2010
300 _a147 sayfa :. rsm., hrt. ;
_c24 cm
336 _ametin
_btxt
_2rdacontent
337 _aaracısız
_bn
_2rdamedia
338 _acilt
_bnc
_2rdacarrier
490 1 _aOdunpazarı Belediyesi Kültür Yayınları ;
_v24.
500 _aDizin var.
650 0 _aTarih.
_91474
650 0 _aOsman Gazi.
_954606
650 0 _aOsmanlı Devleti.
_934771
830 1 _aOdunpazarı Belediyesi Kültür Yayınları ;
_v24.
_954607
907 _aTarih
942 _2lcc
_cBK
999 _c27469
_d27469